Dalam umur 18 (Tamil)
| Main Author: | |
|---|---|
| Format: | Book |
| Published: |
Chennai :
Penerbitan Kumaran ,
2005
|
| Subjects: |
MARC
| LEADER | 00000cam a2200000 7i4500 | ||
|---|---|---|---|
| 001 | 0000021121 | ||
| 005 | 20080714.0 | ||
| 008 | 080714 | ||
| 020 | |a 11110496 | ||
| 090 | 0 | 0 | |a 808.81 |b VIJ |
| 100 | 0 | |a Vijay, P. | |
| 245 | 1 | 0 | |a Dalam umur 18 (Tamil) |c P.Vijay |
| 260 | |a Chennai : |b Penerbitan Kumaran , |c 2005 | ||
| 650 | 0 | |a Poetry |x collections | |
| 650 | 0 | |a Tamil poetry |x collections | |
| 999 | |a 0001028533 |b Book |c Tamil Collection |e Perbadanan Perpustakaan Awam Johor | ||
| 999 | |a 0001028534 |b Book |c Tamil Collection |e Perbadanan Perpustakaan Awam Johor | ||